000 01086cam a2200277 a 4500
001 6201
003 FISKH
005 20250327120109.0
008 990726s2000 mau 000 1 eng
010 _a 99042665
020 _a0316781010
020 _a9780349112763
_c$5.00
040 _aDLC
_cDLC
_dDLC
_beng
050 _aPS3569.H7385 F67
082 _a813.54
100 1 _aShreve, Anita.
245 1 0 _aFortune's rocks :
_ba novel /
_cAnita Shreve.
250 _aThis edition published in 2001
260 _aLondon :
_bAbacus,
_c2000
300 _a453 pages :
_c20 cm
520 _aIn 1890s Boston, a 15-year-old upper-class girl is banished to a convent following an affair with a married doctor which left her pregnant. The girl is forced to surrender the child for adoption, but she subsequently goes to court to recuperate it, and eventually marries the doctor. A study in the mores and manners of the day.
650 _aHistorical Fiction
_vNew Hampshire
_xAdultery
906 _a7
_bcbc
_corignew
_d1
_eocip
_f19
_gy-gencatlg
942 _2ddc
_cBK
_n0
999 _c6201
_d6201